000 01012nas a2200313 4500
001 BR2013006336
003 BR-BrBNA
005 20231205122759.0
007 ta
008 230509b bl.|||p| |||| 00| 00por d
040 _aBR-BrBNA
_bpor
_cBiblioteca Nacional de Agricultura
041 _a(Pt)
072 _aF02; F08; F07
100 1 _aTrogello, E.
100 1 _aModolo, A.J.
100 1 _aScarsi, M.
100 1 _aSilva, C.L. da
100 1 _aAdami, P.F.
100 1 _aDallacort, R.
245 1 _aManejos de cobertura vegetal e velocidades de operação em condições de semeadura e produtividade de milho
650 _aZEA MAYS
650 _aSEMEADURA
650 _aPLANTIO DIRETO
650 _aMANEJO DO SOLO
773 0 _tRevista Brasileira de Engenharia Agrícola e Ambiental (Brazil)
_xISSN 1807-1929
_g(Jul 2013), v. 17(7) p. 796-802
_wBR2013006336
856 4 0 _uhttp://www.scielo.br/pdf/rbeaa/v17n7/a15v17n7.pdf
909 _a202311
_bLúcia
_c55
_dLúcia Elande
942 _2AGRIS
_n0
_cANA
999 _c230515
_d230515